000 00601nam a2200241Ia 4500
003 OSt
005 20221005121445.0
006 a|||||r|||| 00| 0
007 ta
008 221004b |||||||| |||| 00| 0 kan d
024 _a61110
037 _cTextual
040 _aCRL
_cCRL
_bkan
041 _2kan
_akan
082 _aO33.3NNA,2, K2
100 _aNarsihayya Au.
_9630638
245 0 _aHeuliya hejjal
260 _c1962
650 _a KANNAD LITERATURE
650 _aKANNAD FICTION
942 _hO33.3NNA,2, K2
_cTEXL
_2cc
999 _c1041209
_d1041209